000 00432nam a2200109Ia 4500
008 220216s9999 xx 000 0 und d
100 _aMohanan K.G.
245 0 _aRegional variations in yield from rubber smallholdings: A preliminary analysis of the reasons
260 _bIn: Towards Inclusive Rubber Development (Ed. C. Kuruvilla Jacob). The Rubber Board, Kottayam, India, pp. 81-90.
_c2009
700 _aNair Ramesh B.
942 _cBS
999 _c50781
_d50781